|
|
|
|
| LEADER |
02269nam a2200373Ia 4500 |
| 001 |
ovld001900338 |
| 003 |
UtOrBLW |
| 005 |
20160927111900.0 |
| 006 |
m o d |
| 007 |
cr un||||||||| |
| 008 |
160927s2016 enka eob 000 0 eng d |
| 020 |
|
|
|a 9781785609435 (electronic bk.)
|
| 040 |
|
|
|a UtOrBLW
|d GrThAP
|
| 050 |
|
4 |
|a HC79.I5
|b I53 2016
|
| 072 |
|
7 |
|a KCF
|2 bicssc
|
| 072 |
|
7 |
|a BUS069000
|2 bisacsh
|
| 080 |
|
|
|a 331.2
|
| 082 |
0 |
4 |
|a 339.2
|2 23
|
| 245 |
0 |
0 |
|a Income inequality around the world
|h [electronic resource] /
|c edited by Lorenzo Cappellari, Solomon W. Polachek, Konstantinos Tatsiramos.
|
| 260 |
|
|
|a Bingley, U.K. :
|b Emerald,
|c 2016.
|
| 300 |
|
|
|a 1 online resource (xii, 237 p.) :
|b ill.
|
| 490 |
1 |
|
|a Research in labor economics,
|x 0147-9121 ;
|v v. 44
|
| 504 |
|
|
|a Includes bibliographical references.
|
| 505 |
0 |
|
|a A comparison of major world inequality data sets: LIS, OECD, EU-SILC, WDI AND EHII / James Galbraith, Jaehee Choi, Beatrice Halbach, Aleksandra Malinowska, Wenjie Zhang -- Decomposing changes in male wage distribution in Brazil / Yang Wang, Nora Lustig, Otavio Bartalotti -- Changes in welfare with a heterogeneous workforce: the case of Peru / Marcos Robles, Adrian Robles -- Why is income inequality so high in Spain? / Carlos Gradin -- The effects of the minimum wage on earnings inequality: evidence from China / Carl Lin, Myeong-Su Yun -- Trading places: a decade of earnings mobility in Chile and Nicaragua / Rafael Novella, Laura Ripani, Agustina Suaya, Luis Tejerina, Claudia Vazquez.
|
| 520 |
|
|
|a Research in Labor Economics 44 takes another in-depth and focussed look at Inequality. This time however it is tied in with well-being of the workforce. Research in Labor Economics volume 44 contains new and innovative research on the causes and consequences of inequality and well-being of the work force.
|
| 650 |
|
7 |
|a Business & Economics
|x Economics
|x General.
|2 bisacsh
|
| 650 |
|
7 |
|a Labour economics.
|2 bicssc
|
| 650 |
|
0 |
|a Income distribution.
|
| 700 |
1 |
|
|a Cappellari, Lorenzo.
|
| 700 |
1 |
|
|a Polachek, S. W.
|
| 700 |
1 |
|
|a Tatsiramos, Konstantinos.
|
| 776 |
1 |
|
|z 9781785609442
|
| 830 |
|
0 |
|a Research in labor economics ;
|v v. 44.
|
| 856 |
4 |
0 |
|u http://www.emeraldinsight.com/0147-9121/44
|z Full Text via HEAL-Link
|